| 000 | 00664nam a2200205Ia 4500 | ||
|---|---|---|---|
| 005 | 20230117123113.0 | ||
| 008 | 210716s2013 xx 000 0 und d | ||
| 020 | _a9788183572415 | ||
| 040 | _cAIMIT LIBRARY | ||
| 041 | _aeng | ||
| 082 |
_a153.94 _21 _bMANG |
||
| 100 |
_aMansukhani, G S _969208 |
||
| 245 |
_aUGC : _bteaching and research aptitude / _cBy G.S Manusukhani ; edited by J.K.Chopra |
||
| 250 |
_a1st ed. _bFully revised and Updated Edition |
||
| 260 |
_aNew Delhi : _bUnique Publishers , _c2013. |
||
| 300 |
_axvi, 504p. ; _bPB : _c24 cm. |
||
| 650 |
_aAptitude Test _969209 |
||
| 700 |
_aChopra, J K., ed. _969210 |
||
| 942 |
_2ddc _cBK _k153.94 MANG |
||
| 999 |
_c193672 _d193672 |
||